00649cam a22002053a 45000010005000000030006000050050017000110080041000280400015000690420007000840500007000911000027000982450140001252600029002655060030002945160020003246530030003448300028003748560041004028857PGUSA20140828083205.0050901s2005||||xxu|||||s|||||000 | eng d aPGUSAbeng adc 4aND1 aGalt, John,d1779-183914aThe Life, Studies, and Works of Benjamin West, Esq. :bComposed from Materials Furnished by Himselfh[electronic resource] /cJohn Galt bProject Gutenberg,c2005 aPublic domain in the USA. aElectronic text aWest, Benjamin, 1738-1820 0aProject Gutenbergv885740uhttp://www.gutenberg.org/ebooks/8857